000 00681nam a2200253Ia 4500
003 OSt
005 20221005102045.0
006 a|||||r|||| 00| 0
007 ta
008 221004b |||||||| |||| 00| 0 san d
024 _a29518
037 _cTextual
040 _aCRL
_cCRL
_bsan
041 _2san
_asan
082 _aQ23:222, 15K6
100 _aUpadhyaya Baldev
245 0 _aAgni puranam
260 _aVaranasi
_bChowkhamba Sanskrit Series Office India
_c1966
300 _a558p.
_ccm.
490 _aKashi Sanskrit Granthmala, no. 174
650 _aRELIGION
942 _hQ23:222, 15K6
_cTEXL
_2cc
999 _c1007808
_d1007808